Journals and Letters of the Rev. Henry Martyn B. D (Record no. 1481)

MARC details
000 -LEADER
fixed length control field 00712nam a2200253 a 4500
020 ## - INTERNATIONAL STANDARD BOOK NUMBER
ISBN
082 00 - DEWEY DECIMAL CLASSIFICATION NUMBER
Classification number 266.354092
Author Cutter MAR
100 ## - MAIN ENTRY--AUTHOR NAME
Author name Martyn, Henry
245 ## - TITLE STATEMENT
Title Journals and Letters of the Rev. Henry Martyn B. D
260 ## - PUBLICATION, DISTRIBUTION, ETC. (IMPRINT)
Place of publication London
Name of publisher R.B. Seeley and Burnside
Year of publication 1837
300 ## - PHYSICAL DESCRIPTION
Number of Pages 527p
500 ## - GENERAL NOTE
General note includes index and biblioraphy
505 2# - FORMATTED CONTENTS NOTE
Formatted contents note Index
505 2# - FORMATTED CONTENTS NOTE
Formatted contents note Index00
650 ## - SUBJECT ADDED ENTRY--TOPICAL TERM
Topical Term Henry Martyn-Biography
650 ## - SUBJECT ADDED ENTRY--TOPICAL TERM
Topical Term India-Christian Missions
942 ## - ADDED ENTRY ELEMENTS (KOHA)
Koha item type Books
Holdings
Home library Current library Date acquired Cost, normal purchase price Full call number Accession Number Koha item type
Henry Martyn Institute Library Henry Martyn Institute Library   0.00 266.354092 MAR 00663 E-Books
Henry Martyn Institute Library Henry Martyn Institute Library   0.00 266.354092 MAR 00664 E-Books
                   Copyright © 2026 | Henry Martyn Institute | Hyderabad | TS-500052 | INDIA | Implemented by hmi.edu.in
Hit-Count:

Powered by Koha